000 01262cam a22003134a 4500
001 13562871
003 OSt
005 20230214094758.0
008 040419s2004 enka b 001 0 eng
010 _a 2004049748
020 _a0470863595
040 _aDLC
_cDLC
_dDLC
042 _apcc
050 0 0 _aHG6024.A3
_bH86 2004
100 1 _aHunt, P. J.
_q(Philip James),
_d1964-
245 1 0 _aFinancial derivatives in theory and practice /
_cP.J. Hunt, J.E. Kennedy.
250 _aRev. ed.
260 _aSouthern Gate, Chichester, West Sussex, England
_aHoboken, NJ :
_bJohn Wiley & Sons,
_c2004.
300 _axx, 437 p. :
440 0 _aWiley series in probability and statistics
504 _aIncludes bibliographical references (p. [423]-426) and index.
650 0 _aDerivative securities.
700 1 _aKennedy, J. E.
856 4 2 _3Publisher description
_uhttp://www.loc.gov/catdir/description/wiley041/2004049748.html
856 4 1 _3Table of contents
_uhttp://www.loc.gov/catdir/toc/wiley041/2004049748.html
906 _a7
_bcbc
_corignew
_d1
_eocip
_f20
_gy-gencatlg
942 _2lcc
_cBK
999 _c19991
_d19990